000 00931nac a22002777a 4500
001 BR7000736
003 BR-BrBNA
005 20240105113401.0
008 230509b bl.|||m| |||| 00| 0 por d
040 _aBR-BrBNA
_bpor
_cBiblioteca Nacional de Agricultura
072 _aH10
090 _a1160 BR7000736
100 1 _aArruda, G.P. de
100 1 _aAquino, M. de L.N. de
110 1 _aInstituto de Pesquisas Agronomicas, Recife, PE (Brasil)
_96142
245 1 _aDois novos acaros (Acarina, Eriophyidae)atacando fruteiras em Pernambuco [Anarcadium occidentale; Caju; Persea americana; Abacate; Brasil]
260 3 _aRecife, PE (Brasil):
_c1970.
300 _a13 p.
490 _aBoletim Tecnico - Instituto de Pesquisas Agronomicas (Brazil)
_vno. 42
_x
650 _aCAJU
650 _aABACATE
650 _aACARO
650 _aPERNAMBUCO
909 _a202312
_bLúcia Elande
_c55
_dLúcia Elande
942 _2AGRIS
_n0
_cMS
999 _c263423
_d263423